Obálka Náhled e-knihy:
PDF Epub
Pro půjčování e-knih musíte být přihlášeni.
Jak si půjčit online?

Domov zlatem spravený /

Středoškolačka Mao žije se svou babičkou Čie, která se věnuje tradiční japonské technice kincugi – umění opravovat rozbité nádoby pomocí zlata tak, aby se staré praskliny staly jejich ozdobou.Mao se musí brzy rozhodnout, jakým směrem se vydá, ale zatím ji svírá nejistota. Když jednoho dne v babiččin...

Celý popis

Uloženo v:
Hlavní autor: Hošio, Sanae (Autor)
Médium: E-kniha
Jazyk:Czech
Vydáno: Praha : Knihy Dobrovský, 2026
Tagy:
Žádné tagy
LEADER 01635nam a22002297i 4500
001 299205
007 ta
008 260425s2026 xr ||||| |||| 00| 0 cze d
020 |a 9788027761050 
044 |a xr 
100 1 |a  Hošio, Sanae  |4 aut 
245 1 0 |a Domov zlatem spravený /  |c  Hošio, Sanae 
264 1 |a Praha :  |b Knihy Dobrovský,  |c 2026 
300 |a 1 online zdroj (208 stran) 
336 |a text  |b txt  |2 rdacontent 
337 |a bez média  |b n  |2 rdamedia 
338 |a online zdroj  |b cr  |2 rdacarrier 
520 2 |a Středoškolačka Mao žije se svou babičkou Čie, která se věnuje tradiční japonské technice kincugi – umění opravovat rozbité nádoby pomocí zlata tak, aby se staré praskliny staly jejich ozdobou.Mao se musí brzy rozhodnout, jakým směrem se vydá, ale zatím ji svírá nejistota. Když jednoho dne v babiččině zásuvce objeví lakovanou jehlici do vlasů, spustí tím vlnu vzpomínek, která je obě zavede na cestu do minulosti. Staré křivdy, nevyřčená tajemství i slova, která už nelze vzít zpět, rozlámala lidská srdce.A přesto, stejně jako při opravě prasklého nádobí zlatem, i z rozbitých duší může znovu vzniknout krása a naděje. 
910 |a RBIT002 
998 |d 426317  |a https://core.palmknihy.cz/api/books/426317/cover?tdzh05  |b https://core.palmknihy.cz/api/books/426317/cover/400?tdzh05  |c https://core.palmknihy.cz/api/books/426317/cover/50?tdzh05  |e   |g 208  |i 9788027761050  |j https://core.palmknihy.cz/api/books/426317/preview.epub  |k https://core.palmknihy.cz/api/books/426317/preview.pdf  |l   |q 49  |r 1  |s https://www.palmknihy.cz/kniha/426317  |t ebook  |y 2026  |z 1 
999 |d 299203